000 02927cam a22004934a 4500
999 _c129750
_d129750
001 12861764
003 ARRUPE
005 20190827105531.0
008 020719m20039999caua b s001 0 eng
010 _a 2002028943
020 _a0520086708 (v. 1 : alk. paper)
020 _a0520225694 (v. 2 : alk. paper)
020 _a9780804778541 (v. 3 : hbk. : alk. paper)
040 _aDLC
_cDLC
_dDLC
042 _apcc
043 _an-us---
050 0 0 _aHX844.G6
082 0 0 _a335/.83/092
_aB
_221
100 _aWexler, Alice
_947936
245 0 0 _aEmma Goldman :
_ban intimate life /
_cAlice Wexler
260 _aLondon :
_bVirago Press,
_c1984
300 _axix, 339p. :
_c20 cm.
504 _aIncludes bibliographical references and indexes.
505 1 _av. 1. Made for America, 1890-1901 -- v. 2. Making speech free, 1902-1909 -- v. 3. Light and shadows, 1910-1916 --
600 1 0 _aGoldman, Emma,
_d1869-1940.
_947937
650 0 _aAnarchists
_zUnited States
_vBiography.
_947938
650 0 _aFeminists
_zUnited States
_xBiography
_947939
856 4 2 _3Publisher description
_uhttp://www.loc.gov/catdir/description/ucal041/2002028943.html
856 4 1 _3Sample text
_uhttp://www.loc.gov/catdir/samples/ucal041/2002028943.html
856 4 1 _3Table of contents only
_uhttp://www.loc.gov/catdir/enhancements/fy0641/2002028943-t.html
906 _a7
_bcbc
_corignew
_d1
_eocip
_f20
_gy-gencatlg
942 _2lcc
_cMONOGRAPH